<?xml version="1.0" encoding="UTF-8"?>
<resp>
  <nextPage>https://data.bn.org.pl/api/networks/bibs.marcxml?marc=001+b1000002641665&amp;sinceId=1000002641666</nextPage>
  <collection>
    <record xmlns='http://www.loc.gov/MARC21/slim'><leader>02368njmZa2200625ZiZ4500</leader><controlfield tag='001'>b1000002641665</controlfield><controlfield tag='005'>20251108084234.7</controlfield><controlfield tag='007'>sd#fsngnnmmned</controlfield><controlfield tag='008'>220823p20122011pl rcnn  d          eng c</controlfield><controlfield tag='009'>9912801487605606</controlfield><datafield ind1=' ' ind2=' ' tag='015'><subfield code='a'>BDD 2012</subfield></datafield><datafield ind1='0' ind2='1' tag='028'><subfield code='a'>PR026CD</subfield><subfield code='b'>Wydawnictwo Muzyczne Psycho</subfield></datafield><datafield ind1='0' ind2='0' tag='033'><subfield code='a'>201109--</subfield></datafield><datafield ind1=' ' ind2=' ' tag='035'><subfield code='a'>(PL)b1000002641665</subfield></datafield><datafield ind1=' ' ind2=' ' tag='040'><subfield code='a'>WA N</subfield><subfield code='c'>WA N</subfield><subfield code='d'>WA N</subfield></datafield><datafield ind1=' ' ind2=' ' tag='046'><subfield code='k'>2012</subfield></datafield><datafield ind1='2' ind2=' ' tag='110'><subfield code='a'>Black Mad Lice (zespół muzyczny)</subfield><subfield code='e'>Kompozytor</subfield><subfield code='e'>Wykonanie</subfield></datafield><datafield ind1='1' ind2='0' tag='245'><subfield code='a'>It&apos;s going deeper /</subfield><subfield code='c'>Black Mad Lice.</subfield></datafield><datafield ind1=' ' ind2=' ' tag='260'><subfield code='a'>Plock :</subfield><subfield code='b'>Wydawnictwo Muzyczne Psycho,</subfield><subfield code='c'>[2012].</subfield></datafield><datafield ind1=' ' ind2=' ' tag='300'><subfield code='a'>1 CD :</subfield><subfield code='b'>zapis cyfrowy, stereo ;</subfield><subfield code='c'>12 cm +</subfield><subfield code='e'>1 booklet.</subfield></datafield><datafield ind1=' ' ind2=' ' tag='336'><subfield code='a'>Nagranie muzyczne</subfield><subfield code='b'>prm</subfield><subfield code='2'>rdacontent</subfield></datafield><datafield ind1=' ' ind2=' ' tag='337'><subfield code='a'>Audio</subfield><subfield code='b'>s</subfield><subfield code='2'>rdamedia</subfield></datafield><datafield ind1=' ' ind2=' ' tag='337'><subfield code='a'>Komputer</subfield><subfield code='b'>c</subfield><subfield code='2'>rdamedia</subfield></datafield><datafield ind1=' ' ind2=' ' tag='338'><subfield code='a'>Płyta audio</subfield><subfield code='b'>sd</subfield><subfield code='2'>rdacarrier</subfield></datafield><datafield ind1=' ' ind2=' ' tag='380'><subfield code='a'>Muzyka</subfield></datafield><datafield ind1=' ' ind2=' ' tag='386'><subfield code='m'>Przynależność kulturowa</subfield><subfield code='a'>Muzyka polska</subfield></datafield><datafield ind1='1' ind2=' ' tag='388'><subfield code='a'>2001-</subfield></datafield><datafield ind1='2' ind2=' ' tag='388'><subfield code='a'>2001-</subfield></datafield><datafield ind1=' ' ind2=' ' tag='500'><subfield code='a'>Data wydania według bazy Discogs online.</subfield></datafield><datafield ind1='0' ind2=' ' tag='505'><subfield code='a'>Born on an empty throne. Paradise in blood. Dark tight room. Strong enough. Hunger of destroyed existence. Deathbed. Ashes of life. It&apos;s going deeper.</subfield></datafield><datafield ind1=' ' ind2=' ' tag='508'><subfield code='a'>Reżyser nagrania Michał Warzycki.</subfield></datafield><datafield ind1='0' ind2=' ' tag='511'><subfield code='a'>Black Mad Lice: Kossa, Zalo, Odif, Naho, Mati.</subfield></datafield><datafield ind1=' ' ind2=' ' tag='518'><subfield code='a'>Nagrano we wrześniu 2011 r. w Stinky Rehearsal Room.</subfield></datafield><datafield ind1=' ' ind2='7' tag='655'><subfield code='a'>Death metal</subfield><subfield code='2'>DBN</subfield></datafield><datafield ind1=' ' ind2='7' tag='655'><subfield code='a'>Muzyka rozrywkowa</subfield><subfield code='2'>DBN</subfield></datafield><datafield ind1=' ' ind2='7' tag='655'><subfield code='a'>Pieśń i piosenka</subfield><subfield code='2'>DBN</subfield></datafield><datafield ind1='1' ind2=' ' tag='700'><subfield code='a'>Warzycki, Michał</subfield><subfield code='c'>(realizator dźwięku)</subfield><subfield code='e'>Reżyseria nagrania</subfield></datafield><datafield ind1='2' ind2=' ' tag='710'><subfield code='a'>Wydawnictwo Muzyczne Psycho, Robert Łęgowik</subfield><subfield code='e'>Wydawca</subfield><subfield code='4'>pbl</subfield></datafield><datafield ind1=' ' ind2=' ' tag='852'><subfield code='b'>48OMNIS_NETWORK</subfield><subfield code='8'>9912801487605606</subfield></datafield><datafield ind1=' ' ind2=' ' tag='852'><subfield code='8'>22712515310005066</subfield><subfield code='j'>1</subfield><subfield code='h'>Fon.I.132.067 A</subfield><subfield code='b'>BN_PL</subfield><subfield code='p'>888a1267510</subfield><subfield code='c'>bnag_a</subfield></datafield><datafield ind1=' ' ind2=' ' tag='852'><subfield code='8'>22712515270005066</subfield><subfield code='j'>1</subfield><subfield code='h'>Fon.I.132.068</subfield><subfield code='b'>BN_PL</subfield><subfield code='p'>888a1267511</subfield><subfield code='c'>bnag</subfield></datafield><datafield ind1=' ' ind2=' ' tag='852'><subfield code='b'>48OMNIS_NLOP</subfield><subfield code='8'>991053037144605066</subfield></datafield></record>
  </collection>
</resp>
